ՀՀ Գիտությունների ազգային ակադեմիայի հիմնարար գիտական գրադարան  =   Fundamental Scientific Library of NAS RA

Производство зеленого горошка и возможности его увеличения в зоне Поречского консервного завода Ростовского района Ярославской области / (Record no. 313895)

MARC details
000 -LEADER
fixed length control field 01068nam a2200205 a 4500
001 - CONTROL NUMBER
control field 000907937
003 - CONTROL NUMBER IDENTIFIER
control field AM-YeHGA
005 - DATE AND TIME OF LATEST TRANSACTION
control field 20250617145535.0
008 - FIXED-LENGTH DATA ELEMENTS--GENERAL INFORMATION
fixed length control field 120725s xx r 000 0 rus d
040 ## - CATALOGING SOURCE
Original cataloging agency AM-YeHGA
041 0# - LANGUAGE CODE
Language code of text/sound track or separate title rus
090 ## - LOCALLY ASSIGNED LC-TYPE CALL NUMBER (OCLC); LOCAL CALL NUMBER (RLIN)
-- 315615
100 1# - MAIN ENTRY--PERSONAL NAME
Personal name Соболев, И.Ф.
245 10 - TITLE STATEMENT
Title Производство зеленого горошка и возможности его увеличения в зоне Поречского консервного завода Ростовского района Ярославской области /
Statement of responsibility, etc. И.Ф. Соболев, Я.Я. Полунин; Всесоюз. н/и ин-т селекции и семеновод. овощных культур.
260 ## - PUBLICATION, DISTRIBUTION, ETC.
Place of publication, distribution, etc. Б. м. :
Name of publisher, distributor, etc. Б. и.,
Date of publication, distribution, etc. Б. г.
300 ## - PHYSICAL DESCRIPTION
Extent 37 с. :
Other physical details рис. ;
Dimensions 19 см.
650 14 - SUBJECT ADDED ENTRY--TOPICAL TERM
Topical term or geographic name entry element Бахчевые культуры
700 1# - ADDED ENTRY--PERSONAL NAME
Personal name Полунин, Я.Я.
710 2# - ADDED ENTRY--CORPORATE NAME
Corporate name or jurisdiction name as entry element Всесоюзный научно-исследовательский институт селекции и семеноводства овощных культур
Holdings
Withdrawn status Lost status Damaged status Not for loan Collection Home library Current library Date acquired Total checkouts Full call number Barcode Date last seen Price effective from Koha item type Public note
        General Fundamental Scientific Library Fundamental Scientific Library 09/01/2017   PII/402160 FL0415806 09/01/2017 09/01/2017 Գրքեր / Books 30 Days Loan


ՀՀ ԳԱԱ հիմնարար գիտական գրադարան
ՀՀ,Երևան 0019
Մարշալ Բաղրամյան 24/6
հեռախոս:(374-10) 52-47-50
Հետադարձ կապ

All site content, except where otherwise noted, is licensed under a
Creative Commons License